تيسير Internet / (رقم التسجيلة. 88412)

تفاصيل مارك
000 -LEADER
fixed length control field 01035cam a2200277 a 4500
003 - CONTROL NUMBER IDENTIFIER
control field EG-GiCUC
008 - FIXED-LENGTH DATA ELEMENTS--GENERAL INFORMATION
fixed length control field 061102s2000 ua a g 000 0 ara d
017 ## - COPYRIGHT OR LEGAL DEPOSIT NUMBER
Copyright or legal deposit number 2000 / 14472
Assigning agency مصر. دار الكتب.
020 ## - INTERNATIONAL STANDARD BOOK NUMBER
International Standard Book Number 977573553x
040 ## - CATALOGING SOURCE
Original cataloging agency EG-GiCUC
Language of cataloging ara
Transcribing agency EG-GiCUC
050 #4 - LIBRARY OF CONGRESS CALL NUMBER
Classification number TK5105.875.I57
Item number A2 2000
092 04 - LOCALLY ASSIGNED DEWEY CALL NUMBER (OCLC)
Classification number 004.678
Item number A862t
Edition number 21
099 ## - LOCAL FREE-TEXT CALL NUMBER (OCLC)
Classification number 04
-- 004.678 A862t
100 1# - MAIN ENTRY--PERSONAL NAME
Personal name ابو العطا: مجدى محمد.
245 10 - TITLE STATEMENT
Title تيسير Internet /
Statement of responsibility, etc. مجدى محمد ابوالعطا
246 3# - VARYING FORM OF TITLE
Title proper/short title الانترنت.
250 ## - EDITION STATEMENT
Edition statement ط. 1.
260 ## - PUBLICATION, DISTRIBUTION, ETC.
Place of publication, distribution, etc. القاهرة :
Name of publisher, distributor, etc. شركة علوم الحاسب كمبيوساينس :
Date of publication, distribution, etc. 2000
300 ## - PHYSICAL DESCRIPTION
Extent 235 ص. :
Other physical details إيض. ؛
Dimensions 24سم.
490 1# - SERIES STATEMENT
Series statement سلسلة تيسير علوم الحاسب .
-- مجموعة كتب الحاسب الشخصى ؛
Volume/sequential designation 65
650 #4 - SUBJECT ADDED ENTRY--TOPICAL TERM
Topical term or geographic name entry element الانترنت.
830 #0 - SERIES ADDED ENTRY--UNIFORM TITLE
Uniform title سلسلة تيسير علوم الحاسب . مجموعة كتب الحاسب الشخصى ؛
Volume/sequential designation 65
902 ## - LOCAL DATA ELEMENT B, LDB (RLIN)
No. of Items 2
905 ## - LOCAL DATA ELEMENT E, LDE (RLIN)
Cataloger شكرية
Reviser مدخل
942 ## - ADDED ENTRY ELEMENTS (KOHA)
Source of classification or shelving scheme Dewey Decimal Classification
Koha item type Books
المقتنيات
Source of classification or shelving scheme Not for loan Home library Current library Date acquired Full call number Barcode Date last seen Copy number Koha item type
Dewey Decimal Classification   المكتبة المركزبة الجديدة - جامعة القاهرة قاعة الكتب - الدور الثاني 11.02.2024 004.678 A862t 01000100111955000 22.09.2023 C.1 Books
Dewey Decimal Classification   المكتبة المركزبة الجديدة - جامعة القاهرة قاعة الكتب - الدور الثاني 11.02.2024 004.678 A862t 01000100111956000 22.09.2023 C.2 Books
Cairo University Libraries Portal Implemented & Customized by: Eng. M. Mohamady Contacts: new-lib@cl.cu.edu.eg | cnul@cl.cu.edu.eg
CUCL logo CNUL logo
© All rights reserved — Cairo University Libraries
CUCL logo
Implemented & Customized by: Eng. M. Mohamady Contact: new-lib@cl.cu.edu.eg © All rights reserved — New Central Library
CNUL logo
Implemented & Customized by: Eng. M. Mohamady Contact: cnul@cl.cu.edu.eg © All rights reserved — Cairo National University Library